[Event "Open Marianske Lazne 2018 - C"]
[Site "Marianske Lazne (CZE)"]
[Date "2018.01.25"]
[Round "7"]
[White "Neckar, Lubomir"]
[Black "Cwiek, Mariusz"]
[Result "1-0"]
[WhiteElo "2293"]
[BlackElo "2021"]
[PlyCount "77"]
[EventDate "2018.01.20"]

1. Nf3 d5 2. g3 Nf6 3. Bg2 Bf5 4. O-O e6 5. d3 Be7 6. Nfd2 c6 7. e4 dxe4 8.
dxe4 Bg6 9. Qe2 O-O 10. Nc4 Nbd7 11. a4 Qc7 12. Nc3 e5 13. f3 Bc5+ 14. Kh1 Rad8
15. Nd1 Rfe8 16. Nf2 Nb6 17. Ne3 a5 18. Nd3 Bf8 19. Bd2 Nbd7 20. Nc4 b6 21. Be3
Rb8 22. Rfd1 Kh8 23. Bh3 Kg8 24. Kg2 Kh8 25. Qe1 b5 26. Qxa5 Qb7 27. Nd2 b4 28.
Nc5 Qc8 29. Nxd7 Nxd7 30. Nc4 Rd8 31. Nb6 Nxb6 32. Bxc8 Nc4 33. Qxd8 Nxe3+ 34.
Kg1 Kg8 35. Rd3 Nxc2 36. Rc1 Nd4 37. Kf2 f5 38. Rxd4 exd4 39. Be6+ 1-0

[Event "Open Marianske Lazne 2018 - C"]
[Site "Marianske Lazne (CZE)"]
[Date "2018.01.25"]
[Round "7"]
[White "Hoke, Petr"]
[Black "Volodin, Viktor"]
[Result "1/2-1/2"]
[WhiteElo "1984"]
[BlackElo "2207"]
[PlyCount "63"]
[EventDate "2018.01.20"]

1. Nf3 d5 2. g3 c5 3. Bg2 Nf6 4. d4 e6 5. O-O Nc6 6. c4 dxc4 7. Qa4 Bd7 8. Qxc4
b5 9. Qd3 Rc8 10. dxc5 Bxc5 11. Nc3 b4 12. Nb5 O-O 13. Nd6 Nd4 14. Bf4 Nd5 15.
Ng5 g6 16. Nge4 Nxf4 17. gxf4 Bb6 18. Nxc8 Bb5 19. Qd2 Nxe2+ 20. Kh1 Qxc8 21.
Qxb4 Qc4 22. Nf6+ Kg7 23. Qxc4 Bxc4 24. Nd7 Rc8 25. Nxb6 axb6 26. Rfe1 Nxf4 27.
Rec1 Ne2 28. Rc2 Nd4 29. Rcc1 Ne2 30. Rc2 Nd4 31. Rcc1 Ne2 32. Rc2 1/2-1/2

[Event "Open Marianske Lazne 2018 - C"]
[Site "Marianske Lazne (CZE)"]
[Date "2018.01.25"]
[Round "7"]
[White "Kalinowska, Zuzanna"]
[Black "Simet, Martin"]
[Result "1/2-1/2"]
[WhiteElo "1980"]
[BlackElo "2170"]
[PlyCount "49"]
[EventDate "2018.01.20"]

1. d4 Nf6 2. Nf3 g6 3. c4 Bg7 4. Nc3 O-O 5. e4 d6 6. h3 e5 7. d5 Nbd7 8. Bg5 h6
9. Be3 Nc5 10. Nd2 a5 11. Be2 Ne8 12. g4 f5 13. gxf5 gxf5 14. exf5 Bxf5 15. Nb3
b6 16. Nxc5 bxc5 17. Qd2 Qh4 18. O-O-O a4 19. a3 e4 20. Rdg1 Kh7 21. Bg4 Bg6
22. Bd1 Bf5 23. Bg4 Bg6 24. Bd1 Bf5 25. Bg4 1/2-1/2

[Event "Open Marianske Lazne 2018 - C"]
[Site "Marianske Lazne (CZE)"]
[Date "2018.01.25"]
[Round "7"]
[White "Sipek, Oldrich Jr"]
[Black "Dovzhenko, Viktor"]
[Result "1-0"]
[WhiteElo "1890"]
[BlackElo "2137"]
[PlyCount "71"]
[EventDate "2018.01.20"]

1. e4 g6 2. d4 Bg7 3. Nc3 a6 4. Be3 d6 5. Nf3 Nd7 6. Qd2 b5 7. Rd1 Bb7 8. a3
Rc8 9. Bd3 c5 10. d5 c4 11. Be2 Ngf6 12. Bh6 O-O 13. Bxg7 Kxg7 14. Nd4 Qb6 15.
Qg5 Kh8 16. O-O Nc5 17. Bf3 Nd3 18. Nc6 Bxc6 19. cxd3 Bd7 20. d4 a5 21. e5 Ng8
22. Ne4 b4 23. h4 c3 24. bxc3 bxc3 25. Qe3 c2 26. Rc1 Bf5 27. g4 Bd7 28. Kg2
dxe5 29. dxe5 Qb2 30. Nc5 Bb5 31. Rh1 Bc4 32. h5 Qb5 33. hxg6 fxg6 34. Ne6 Rxf3
35. Rxh7+ Kxh7 36. Rh1+ 1-0

[Event "Open Marianske Lazne 2018 - D"]
[Site "Marianske Lazne (CZE)"]
[Date "2018.01.25"]
[Round "7"]
[White "Baum, Bernd"]
[Black "Chaloupka, Frantisek"]
[Result "1/2-1/2"]
[WhiteElo "2314"]
[BlackElo "1992"]
[PlyCount "82"]
[EventDate "2018.01.20"]

1. Nf3 d5 2. g3 c6 3. Bg2 Nf6 4. c4 dxc4 5. a4 g6 6. Na3 Be6 7. Qc2 Bd5 8. Nxc4
Nbd7 9. O-O Bg7 10. Ne3 O-O 11. Nxd5 cxd5 12. d4 a5 13. Bf4 Rc8 14. Qd3 Qb6 15.
b3 Nb8 16. Rfc1 Nc6 17. Qb5 Qa7 18. e3 Rfd8 19. Ne5 Nb4 20. Rc5 Rxc5 21. dxc5
Rc8 22. Rc1 Nc6 23. Nd3 e6 24. Bd6 Bf8 25. h4 Ne8 26. Bxf8 Nc7 27. Qb6 Kxf8 28.
Qxa7 Nxa7 29. e4 Nc6 30. Kf1 f6 31. exd5 Nxd5 32. Bxd5 exd5 33. Nf4 d4 34. Ke2
Kf7 35. Kd3 Rd8 36. Kc4 Ne5+ 37. Kb5 g5 38. Ne2 d3 39. Ng1 Nc6 40. Rd1 g4 41.
f4 Rd4 1/2-1/2

[Event "Open Marianske Lazne 2018 - D"]
[Site "Marianske Lazne (CZE)"]
[Date "2018.01.25"]
[Round "7"]
[White "Paldus, Petr"]
[Black "Aird, Ian"]
[Result "1-0"]
[WhiteElo "1943"]
[BlackElo "1857"]
[PlyCount "47"]
[EventDate "2018.01.20"]

1. e4 e5 2. Nf3 Nc6 3. Bc4 Bc5 4. b4 Bxb4 5. c3 Ba5 6. O-O d6 7. d4 Nf6 8. dxe5
Nxe5 9. Nxe5 dxe5 10. Qb3 Be6 11. Bxe6 fxe6 12. Rd1 Nd7 13. Qxe6+ Qe7 14. Qd5
Qd6 15. Qxd6 cxd6 16. Rxd6 Rc8 17. Be3 Ke7 18. Rd5 b6 19. Na3 Rxc3 20. Nb5 Rc4
21. Rad1 Nc5 22. Rxe5+ Kf6 23. Rf5+ Ke7 24. Bg5+ 1-0

[Event "Open Marianske Lazne 2018 - D"]
[Site "Marianske Lazne (CZE)"]
[Date "2018.01.25"]
[Round "7"]
[White "Husak, Antonin"]
[Black "Becvar, Miroslav"]
[Result "1/2-1/2"]
[WhiteElo "1879"]
[BlackElo "1858"]
[PlyCount "20"]
[EventDate "2018.01.20"]

1. e4 e5 2. Nf3 Nc6 3. Bb5 a6 4. Ba4 Nf6 5. c3 d6 6. d3 Bg4 7. Nbd2 Be7 8. O-O
O-O 9. Re1 h6 10. Nf1 Nh7 1/2-1/2

[Event "Open Marianske Lazne 2018 - D"]
[Site "Marianske Lazne (CZE)"]
[Date "2018.01.25"]
[Round "7"]
[White "Panos, Jan"]
[Black "Schneider, Alexander"]
[Result "1-0"]
[WhiteElo "1820"]
[BlackElo "2088"]
[PlyCount "71"]
[EventDate "2018.01.20"]

1. d4 Nf6 2. Nf3 g6 3. c4 Bg7 4. Nc3 O-O 5. e4 d6 6. Be2 e5 7. Bg5 exd4 8. Nxd4
Qd7 9. O-O Nc6 10. Nc2 Ne5 11. h3 Re8 12. Ne3 Qc6 13. Ned5 Nxd5 14. cxd5 Qb6
15. Nb5 a6 16. Be3 Qa5 17. b4 Qxb4 18. Nxc7 Bd7 19. Rb1 Qxe4 20. Nxa8 Rxa8 21.
Rxb7 Re8 22. Rb6 Bb5 23. Bxb5 axb5 24. Rxb5 f5 25. Ra5 Nc4 26. Ra4 f4 27. Bc1
f3 28. Qxf3 Qxf3 29. gxf3 Nb6 30. Ra5 Rf8 31. Kg2 Be5 32. Rb5 Nd7 33. Be3 Ra8
34. Rc1 Bf6 35. f4 Bd8 36. Rc6 1-0

[Event "Open Marianske Lazne 2018 - C"]
[Site "Marianske Lazne (CZE)"]
[Date "2018.01.26"]
[Round "8"]
[White "Grela, Kacper"]
[Black "Baum, Jonasz"]
[Result "1-0"]
[WhiteElo "2294"]
[BlackElo "2064"]
[PlyCount "179"]
[EventDate "2018.01.20"]

1. d4 d5 2. c4 e6 3. Nf3 Nf6 4. Nc3 a6 5. cxd5 exd5 6. Qc2 Be6 7. Bg5 Nbd7 8.
e3 h6 9. Bh4 g5 10. Bg3 Nh5 11. Bd3 Nxg3 12. hxg3 Bg7 13. Bf5 Qf6 14. g4 O-O-O
15. O-O-O Kb8 16. Kb1 c6 17. Ne2 Bf8 18. Ng3 Bd6 19. Nh5 Qe7 20. e4 Bxf5 21.
exf5 Rde8 22. Rde1 Qd8 23. Qc3 Qc7 24. f6 Qd8 25. Ne5 Bxe5 26. dxe5 Qc7 27. e6
Rxe6 28. Ng7 Rxe1+ 29. Rxe1 Qd6 30. Ne8 Qf4 31. f3 d4 32. Qb3 Qd2 33. Re7 d3
34. a3 Nc5 35. Qc3 Qxc3 36. bxc3 Na4 37. Kc1 Nxc3 38. Kd2 Nd5 39. Nd6 Rd8 40.
Nxb7 Rf8 41. Nd6 Nxf6 42. Rb7+ Ka8 43. Rxf7 Rxf7 44. Nxf7 Ng8 45. Kxd3 Kb7 46.
Kc4 Kb6 47. Kb4 a5+ 48. Kc4 Kb7 49. Kc5 Kc7 50. Ne5 Ne7 51. g3 a4 52. Nf7 Ng8
53. f4 Nf6 54. Nxh6 Kd7 55. Nf7 Nxg4 56. Nxg5 Ne3 57. Kb4 Nf1 58. Ne4 Ke6 59.
g4 Ne3 60. f5+ Ke5 61. f6 Nd5+ 62. Ka5 Nf4 63. f7 Ng6 64. Ng5 Kf6 65. Nf3 Kxf7
66. Kxa4 Ke6 67. Kb4 Kd5 68. a4 c5+ 69. Kb5 c4 70. a5 c3 71. Ne1 Kd6 72. Kb6
Ne7 73. a6 Nc8+ 74. Kb7 Kd7 75. g5 Nd6+ 76. Kb6 Nc8+ 77. Kc5 Kc7 78. g6 Ne7 79.
g7 Kb8 80. Kb6 Nd5+ 81. Ka5 Ne7 82. Nc2 Ka7 83. Nd4 Kb8 84. Kb6 Ka8 85. a7 c2
86. Nxc2 Nd5+ 87. Ka5 Nf6 88. Ka6 Ne8 89. Nb4 Nc7+ 90. Ka5 1-0

[Event "Open Marianske Lazne 2018 - C"]
[Site "Marianske Lazne (CZE)"]
[Date "2018.01.26"]
[Round "8"]
[White "Luczak, Filip"]
[Black "Kolasinski, Krzysztof"]
[Result "1/2-1/2"]
[WhiteElo "2069"]
[BlackElo "2053"]
[PlyCount "45"]
[EventDate "2018.01.20"]

1. Nf3 d5 2. g3 c6 3. Bg2 e6 4. O-O Bd6 5. d4 f5 6. b3 Qe7 7. Bf4 Nf6 8. Nbd2
O-O 9. Bxd6 Qxd6 10. Ne5 Bd7 11. c4 Be8 12. c5 Qc7 13. b4 Bh5 14. Bf3 Be8 15.
e3 Nbd7 16. Nxd7 Nxd7 17. Be2 e5 18. f4 exd4 19. exd4 Nf6 20. Nf3 a5 21. b5
cxb5 22. Ne5 a4 23. Bd3 1/2-1/2

[Event "Open Marianske Lazne 2018 - C"]
[Site "Marianske Lazne (CZE)"]
[Date "2018.01.26"]
[Round "8"]
[White "Kolbus, Dietmar"]
[Black "Lee, Jun Wei"]
[Result "1/2-1/2"]
[WhiteElo "2322"]
[BlackElo "2064"]
[PlyCount "105"]
[EventDate "2018.01.20"]

1. c4 c6 2. Nf3 d5 3. b3 Bg4 4. Bb2 Nd7 5. e3 Ngf6 6. Be2 e6 7. O-O Bd6 8. d4
O-O 9. Nbd2 Qe7 10. Re1 Rfe8 11. Qc2 e5 12. dxe5 Nxe5 13. Bxe5 Bxe5 14. Nxe5
Qxe5 15. Bxg4 Nxg4 16. Nf3 Qe4 17. Rac1 Rad8 18. cxd5 Qxc2 19. Rxc2 Rxd5 20.
Kf1 f5 21. Rec1 Nf6 22. Rc5 g6 23. Rxd5 Nxd5 24. a3 Kg7 25. Nd2 Kf6 26. Nc4 Ke6
27. Ke2 Kd7 28. Kd3 c5 29. Nb2 b6 30. Nd1 Kd6 31. Nc3 Nxc3 32. Kxc3 b5 33. Rd1+
Kc6 34. h4 a5 35. g3 Ra8 36. Rd2 b4+ 37. Kc4 bxa3 38. Ra2 Re8 39. Rxa3 Re4+ 40.
Kc3 Kb5 41. Ra1 h6 42. Rd1 g5 43. hxg5 hxg5 44. Rd8 f4 45. gxf4 gxf4 46. Kd3
fxe3 47. fxe3 Rh4 48. Rb8+ Kc6 49. e4 Rh1 50. Ra8 Rd1+ 51. Kc2 Re1 52. Rxa5
Rxe4 53. Ra8 1/2-1/2

[Event "Open Marianske Lazne 2018 - C"]
[Site "Marianske Lazne (CZE)"]
[Date "2018.01.26"]
[Round "8"]
[White "Duzy, Stefan"]
[Black "Molnar, Bela"]
[Result "0-1"]
[WhiteElo "1942"]
[BlackElo "2278"]
[PlyCount "66"]
[EventDate "2018.01.20"]

1. d4 Nf6 2. Nf3 g6 3. c4 Bg7 4. Nc3 O-O 5. e3 d6 6. Be2 Nbd7 7. O-O c6 8. b4
e5 9. a4 Re8 10. b5 Nf8 11. Ba3 e4 12. Nd2 h5 13. Rb1 N8h7 14. a5 Bf8 15. a6
cxb5 16. axb7 Bxb7 17. Nxb5 Bc6 18. Rb3 Ng5 19. d5 Bd7 20. Bb2 Ng4 21. Bd4 f5
22. f4 exf3 23. gxf3 a6 24. fxg4 axb5 25. gxh5 bxc4 26. Bxc4 Nh3+ 27. Kh1 g5
28. h6 g4 29. e4 Qh4 30. Rb7 Re7 31. exf5 g3 32. f6 Rf7 33. Qc2 Nf4 0-1

[Event "Open Marianske Lazne 2018 - C"]
[Site "Marianske Lazne (CZE)"]
[Date "2018.01.26"]
[Round "8"]
[White "Volodin, Viktor"]
[Black "Ochedzan, Tymon"]
[Result "1/2-1/2"]
[WhiteElo "2207"]
[BlackElo "1796"]
[PlyCount "79"]
[EventDate "2018.01.20"]

1. e4 c5 2. Nc3 Nc6 3. Bb5 Nd4 4. Bc4 g6 5. d3 Bg7 6. f4 d6 7. Nf3 e6 8. O-O
Ne7 9. Nxd4 cxd4 10. Ne2 O-O 11. Qe1 d5 12. Bb3 a5 13. Ba4 b5 14. Bxb5 Qb6 15.
f5 exf5 16. exf5 Nxf5 17. a4 Ne3 18. Bxe3 dxe3 19. c3 Ba6 20. Bxa6 Qxa6 21. d4
Rfe8 22. Qd1 Rab8 23. Qc2 Bh6 24. Rae1 Qd6 25. Rf3 Rb7 26. Nc1 Qb8 27. Nd3 f5
28. g3 Re6 29. Re2 Reb6 30. Qb1 Rb3 31. Qc1 R7b6 32. Qc2 Qe8 33. Qd1 Qb8 34.
Qc1 Ra3 35. Rf1 Rab3 36. Rf3 Ra3 37. Rf1 Rab3 38. Rf3 Rb7 39. Kf1 R7b6 40. Kg1
1/2-1/2

[Event "Open Marianske Lazne 2018 - C"]
[Site "Marianske Lazne (CZE)"]
[Date "2018.01.26"]
[Round "8"]
[White "Strzelecki, Jerzy"]
[Black "Werndl, Erich"]
[Result "1/2-1/2"]
[WhiteElo "2009"]
[BlackElo "2200"]
[PlyCount "98"]
[EventDate "2018.01.20"]

1. c4 e5 2. d3 Nf6 3. Nf3 Nc6 4. e3 d5 5. cxd5 Nxd5 6. Be2 Be7 7. O-O O-O 8. a3
Be6 9. Qc2 f5 10. Nbd2 a5 11. b3 Bf6 12. Bb2 Nb6 13. Rac1 Qd7 14. Rfd1 Rac8 15.
Qb1 Qf7 16. Ba1 g5 17. Rxc6 bxc6 18. Nxe5 Qg7 19. Nxc6 a4 20. Nd4 Bd7 21. bxa4
Nxa4 22. Qb3+ Kh8 23. Nxf5 Bxf5 24. Bxf6 Qxf6 25. Qxa4 Ra8 26. Qb4 Rab8 27. Qa5
Rb2 28. f3 Re8 29. Bf1 g4 30. Nc4 Ra2 31. f4 Be6 32. d4 Qh4 33. Qe5+ Kg8 34. f5
Qf2+ 35. Kh1 Bf7 36. Qxc7 Bd5 37. Qg3 Qxg3 38. hxg3 Kg7 39. Re1 Bxc4 40. Bxc4
Rxa3 41. Be6 Rb8 42. d5 Rbb3 43. d6 Rxe3 44. Rxe3 Rxe3 45. d7 Rd3 46. Kg1 Kf6
47. Kf2 h5 48. Ke2 Rd4 49. Ke3 Rd1 1/2-1/2

[Event "Open Marianske Lazne 2018 - C"]
[Site "Marianske Lazne (CZE)"]
[Date "2018.01.26"]
[Round "8"]
[White "Laszczak, Przemyslaw"]
[Black "Kalinowska, Zuzanna"]
[Result "1/2-1/2"]
[WhiteElo "2100"]
[BlackElo "1980"]
[PlyCount "84"]
[EventDate "2018.01.20"]

1. d4 Nf6 2. Nf3 e6 3. e3 c5 4. b3 cxd4 5. exd4 b6 6. Bd3 Bb7 7. O-O Be7 8. Bb2
O-O 9. c4 d6 10. Nc3 Nbd7 11. Qe2 Re8 12. Rfe1 Bf8 13. Rad1 Rc8 14. Bb1 a6 15.
Qd3 g6 16. Re2 Bg7 17. Rde1 Qc7 18. Ng5 d5 19. cxd5 Nxd5 20. Nxd5 Bxd5 21. Qxa6
Qf4 22. Nh3 Qg4 23. Be4 Bxe4 24. Rxe4 Qf5 25. Qb7 Nf6 26. Re5 Qc2 27. R5e2 Qc7
28. Qxc7 Rxc7 29. Nf4 Rd8 30. Rd2 Bh6 31. g3 Nd5 32. Re4 Nf6 33. Re5 Bxf4 34.
gxf4 Nd5 35. Re4 Nf6 36. Re1 Nd5 37. Re4 Nf6 38. Re3 Nd5 39. Rf3 Rdc8 40. a4
Rc2 41. Rxc2 Rxc2 42. Ba3 Rd2 1/2-1/2

[Event "Open Marianske Lazne 2018 - C"]
[Site "Marianske Lazne (CZE)"]
[Date "2018.01.26"]
[Round "8"]
[White "Hradsky, Ales Jr"]
[Black "Hopfgartner, Heinz"]
[Result "1/2-1/2"]
[WhiteElo "1757"]
[BlackElo "2082"]
[PlyCount "40"]
[EventDate "2018.01.20"]

1. f4 Nf6 2. Nf3 d5 3. d4 g6 4. c3 Bg7 5. e3 O-O 6. Bd3 b6 7. O-O c5 8. Re1 e6
9. Nbd2 Bb7 10. Nf1 Nc6 11. h3 c4 12. Bc2 b5 13. Ng3 a5 14. Bd2 Qc7 15. Qe2 Ne7
16. e4 dxe4 17. Nxe4 Nxe4 18. Bxe4 Bxe4 19. Qxe4 Nd5 20. g3 Rfe8 1/2-1/2

[Event "Open Marianske Lazne 2018 - C"]
[Site "Marianske Lazne (CZE)"]
[Date "2018.01.26"]
[Round "8"]
[White "Tanishka, Kotia"]
[Black "Chekletsov, Egor"]
[Result "0-1"]
[WhiteElo "1617"]
[BlackElo "2039"]
[PlyCount "60"]
[EventDate "2018.01.20"]

1. e4 c5 2. c3 d5 3. exd5 Qxd5 4. d4 Nf6 5. Nf3 Bg4 6. Be2 e6 7. O-O Nc6 8. Be3
cxd4 9. Nxd4 Bxe2 10. Qxe2 Nxd4 11. Bxd4 Be7 12. Rd1 Qc6 13. Nd2 O-O 14. Nf3 b5
15. Bxf6 Bxf6 16. Ne5 Bxe5 17. Qxe5 Rfd8 18. Rd4 f6 19. Qe3 e5 20. Rxd8+ Rxd8
21. Qxa7 Rd2 22. Qa3 e4 23. Qb3+ Kh8 24. Rd1 e3 25. Rxd2 exd2 26. Qd1 Qe4 27.
Kf1 Qd3+ 28. Kg1 b4 29. cxb4 Qe4 30. Kf1 Qc4+ 0-1

[Event "Open Marianske Lazne 2018 - C"]
[Site "Marianske Lazne (CZE)"]
[Date "2018.01.26"]
[Round "8"]
[White "Miozga, Tomasz"]
[Black "Lau, Ende Matthew"]
[Result "1/2-1/2"]
[WhiteElo "2010"]
[BlackElo "1977"]
[PlyCount "84"]
[EventDate "2018.01.20"]

1. d4 Nf6 2. c4 g6 3. Nc3 Bg7 4. e4 d6 5. f3 O-O 6. Be3 e5 7. Nge2 c6 8. Qd2
Nbd7 9. d5 cxd5 10. Nxd5 Nxd5 11. cxd5 f5 12. Nc3 a6 13. Be2 Rf7 14. O-O-O b5
15. Kb1 Nf6 16. Bd3 Rb8 17. h3 f4 18. Bf2 Nd7 19. Rhe1 Bf6 20. Ne2 Bh4 21. Bxh4
Qxh4 22. Nc1 b4 23. Bf1 Nc5 24. Nd3 Nxd3 25. Bxd3 Ra7 26. Rc1 Bd7 27. Rc4 a5
28. Rec1 Rbb7 29. Rc6 Qe7 30. Ra6 Rxa6 31. Bxa6 Ra7 32. Qd3 Qd8 33. Bb5 Qb6 34.
Bxd7 Rxd7 35. Qc4 Kg7 36. Qc6 Qa7 37. b3 Kh6 38. Qc2 Qe3 39. Qc8 Qd3+ 40. Rc2
Qd1+ 41. Rc1 Qd3+ 42. Rc2 Qd1+ 1/2-1/2

[Event "Open Marianske Lazne 2018 - C"]
[Site "Marianske Lazne (CZE)"]
[Date "2018.01.26"]
[Round "8"]
[White "Vacha, Jaroslav"]
[Black "Sipek, Oldrich Jr"]
[Result "0-1"]
[WhiteElo "2028"]
[BlackElo "1890"]
[PlyCount "38"]
[EventDate "2018.01.20"]

1. e4 e5 2. d4 exd4 3. c3 dxc3 4. Bc4 d6 5. Nxc3 Nc6 6. Nf3 Be7 7. h3 Nf6 8.
Bf4 O-O 9. Qe2 Be6 10. Rd1 Qc8 11. Bd3 Re8 12. g4 Nd7 13. Bb1 Nde5 14. Nd5 Bf8
15. Ng5 Bxd5 16. Rxd5 f6 17. Nf3 Qe6 18. a3 Nxf3+ 19. Kf1 Qxd5 0-1

[Event "Open Marianske Lazne 2018 - C"]
[Site "Marianske Lazne (CZE)"]
[Date "2018.01.26"]
[Round "8"]
[White "Horackova, Isabela"]
[Black "Pawicki, Filip"]
[Result "0-1"]
[WhiteElo "1138"]
[BlackElo "1221"]
[PlyCount "80"]
[EventDate "2018.01.20"]

1. d4 d5 2. Nf3 e6 3. c3 c5 4. Bf4 cxd4 5. Qxd4 Nc6 6. Qd1 Nge7 7. e3 Ng6 8.
Bd3 Nxf4 9. exf4 Bd6 10. Qd2 Qc7 11. g3 O-O 12. Qc1 Re8 13. Ng5 h6 14. Nh3 e5
15. Ng1 exf4+ 16. Be2 Qe7 17. Qc2 Bg4 18. f3 fxg3 19. hxg3 Bxg3+ 20. Kd1 Bd7
21. Qd3 Rad8 22. Nd2 Bc8 23. Kc1 Bf2 24. Nh3 Qxe2 25. Nf4 Qxd3 26. Nxd3 Bb6 27.
Kc2 Bf5 28. Raf1 Re3 29. Re1 Bxd3+ 30. Kd1 Rxe1+ 31. Rxe1 Bf2 32. Rh1 Ne7 33.
f4 Nf5 34. Nf3 Be4 35. Rh3 d4 36. c4 d3 37. Nd2 Be3 38. Nxe4 d2 39. Rh2 Bxf4
40. Rf2 Ne3+ 0-1

[Event "Open Marianske Lazne 2018 - D"]
[Site "Marianske Lazne (CZE)"]
[Date "2018.01.26"]
[Round "8"]
[White "Bartos, Jan"]
[Black "Stigar, Petter"]
[Result "1/2-1/2"]
[WhiteElo "2197"]
[BlackElo "2211"]
[PlyCount "31"]
[EventDate "2018.01.20"]

1. d4 Nf6 2. c4 e6 3. Nf3 d5 4. Nc3 dxc4 5. e4 Bb4 6. Bxc4 Nxe4 7. O-O Nxc3 8.
bxc3 Bxc3 9. Rb1 c5 10. d5 exd5 11. Bxd5 O-O 12. Rxb7 Bd4 13. Be4 Bxb7 14. Bxb7
Nd7 15. Bxa8 Qxa8 16. Nxd4 1/2-1/2

[Event "Open Marianske Lazne 2018 - D"]
[Site "Marianske Lazne (CZE)"]
[Date "2018.01.26"]
[Round "8"]
[White "Chmelik, Jiri"]
[Black "Monin, Nikolay"]
[Result "1/2-1/2"]
[WhiteElo "1999"]
[BlackElo "2193"]
[PlyCount "119"]
[EventDate "2018.01.20"]

1. d4 d6 2. Nf3 g6 3. c4 Bg7 4. Nc3 Nf6 5. e4 O-O 6. Be2 Nbd7 7. O-O e5 8. d5
Nc5 9. Qc2 a5 10. Be3 b6 11. Nd2 Bg4 12. f3 Bd7 13. b3 Nh5 14. Rfe1 Bf6 15. a3
Bg5 16. Bxg5 Qxg5 17. Bf1 f5 18. b4 axb4 19. axb4 Rxa1 20. Rxa1 Qe3+ 21. Kh1 g5
22. Nd1 Qd4 23. Qc3 Na4 24. Qxd4 exd4 25. exf5 b5 26. Nb3 Rxf5 27. Nxd4 Rf4 28.
Ne6 Bxe6 29. dxe6 Ng7 30. e7 Kf7 31. Ne3 Ne6 32. Kg1 Nb6 33. c5 dxc5 34. bxc5
Nxc5 35. Bxb5 Kxe7 36. Rc1 Ne6 37. Kf2 Rb4 38. Be2 c5 39. Ke1 h5 40. Nf5+ Kf6
41. Ng3 Ke5 42. Nxh5 Rh4 43. h3 Rxh5 44. f4+ Nxf4 45. Bxh5 Nd3+ 46. Kd2 Nxc1
47. Kxc1 Kf4 48. Bf3 Nc4 49. Kd1 Ke3 50. Bd5 Nb2+ 51. Ke1 c4 52. g3 c3 53. Bb3
Nd3+ 54. Kd1 Nf2+ 55. Kc2 Nxh3 56. Kxc3 Nf2 57. Kc4 Ne4 58. Kd5 Nxg3 59. Ke5 g4
60. Be6 1/2-1/2

[Event "Open Marianske Lazne 2018 - D"]
[Site "Marianske Lazne (CZE)"]
[Date "2018.01.26"]
[Round "8"]
[White "Malinovsky, Petr"]
[Black "Panos, Jan"]
[Result "1-0"]
[WhiteElo "2001"]
[BlackElo "1820"]
[PlyCount "91"]
[EventDate "2018.01.20"]

1. d4 e6 2. c4 Nf6 3. Nc3 d5 4. cxd5 exd5 5. Bg5 Be7 6. e3 Be6 7. Bd3 c6 8.
Nge2 h6 9. Bh4 Bg4 10. f3 Bh5 11. Qc2 g5 12. Bf2 Rg8 13. O-O-O Nbd7 14. e4 dxe4
15. fxe4 Bg6 16. e5 Bxd3 17. Qxd3 Nd5 18. Qh7 Rg6 19. e6 Rxe6 20. Qd3 N7b6 21.
Kb1 Qd7 22. Rc1 O-O-O 23. Bg3 Bd6 24. Ne4 Nf4 25. Nxf4 gxf4 26. Bh4 Rg8 27. Nf6
Rxf6 28. Bxf6 Qe6 29. Qh7 Re8 30. Rhe1 Qxe1 31. Rxe1 Rxe1+ 32. Kc2 Re2+ 33. Kd3
Re3+ 34. Kc2 Nd7 35. Qg8+ Nf8 36. Qxf7 Nd7 37. Qg8+ Nf8 38. a3 Kc7 39. Qg7+ Kb6
40. Qxh6 Ne6 41. h4 Bc7 42. d5 Nc5 43. b4 Nb3 44. Bc3 Kb5 45. d6 Bb6 46. Qxf4
1-0

[Event "Open Marianske Lazne 2018 - D"]
[Site "Marianske Lazne (CZE)"]
[Date "2018.01.26"]
[Round "8"]
[White "Husak, Antonin"]
[Black "Jeute, Peter"]
[Result "0-1"]
[WhiteElo "1879"]
[BlackElo "1946"]
[PlyCount "54"]
[EventDate "2018.01.20"]

1. Nf3 d5 2. d4 Nf6 3. b3 c5 4. e3 cxd4 5. exd4 Nc6 6. Bb2 Bg4 7. a3 e6 8. Bd3
Bd6 9. Nbd2 O-O 10. h3 Bh5 11. O-O Ne7 12. c4 Bg6 13. Ne5 Bxd3 14. Nxd3 Nf5 15.
c5 Bc7 16. b4 Ne4 17. Nxe4 dxe4 18. Ne5 Qd5 19. Ng4 Rad8 20. Ne3 Nxe3 21. fxe3
Qg5 22. Qe2 Rd5 23. Bc1 Qg3 24. Qg4 Qh2+ 25. Kf2 f5 26. Qh4 Rf6 27. Ke2 Bg3 0-1

[Event "Open Marianske Lazne 2018 - D"]
[Site "Marianske Lazne (CZE)"]
[Date "2018.01.26"]
[Round "8"]
[White "Aird, Ian"]
[Black "Kasik, Miroslav"]
[Result "1-0"]
[WhiteElo "1857"]
[BlackElo "1775"]
[PlyCount "111"]
[EventDate "2018.01.20"]

1. d4 d5 2. c4 e6 3. Nc3 Nf6 4. cxd5 exd5 5. Qc2 c6 6. Bg5 Be7 7. e3 h6 8. Bh4
O-O 9. Bd3 Nbd7 10. Nge2 Re8 11. O-O Nf8 12. f3 N6h7 13. Bg3 Bd6 14. Bxd6 Qxd6
15. e4 Be6 16. e5 Qd7 17. f4 f5 18. g4 g6 19. Ng3 fxg4 20. f5 gxf5 21. Nxf5
Bxf5 22. Bxf5 Qg7 23. Kh1 Kh8 24. Rf2 Ne6 25. Ne2 Re7 26. Raf1 Rf8 27. Qd3 h5
28. Ng3 Qg5 29. Bxe6 Rxf2 30. Rxf2 Rxe6 31. Qf5 Qxf5 32. Rxf5 h4 33. Nh5 Re7
34. Kg2 Kg8 35. Rf4 g3 36. hxg3 hxg3 37. Kxg3 Rf7 38. b4 Kf8 39. Kg4 Rxf4+ 40.
Kxf4 Ke7 41. Kf5 Nf8 42. Nf4 Nd7 43. Ng6+ Ke8 44. Ke6 Nb6 45. Kd6 Kd8 46. Nf4
Nc4+ 47. Ke6 Ke8 48. Nh5 Ne3 49. Nf6+ Kd8 50. Kf7 Nf5 51. e6 Nd6+ 52. Kf8 Nf5
53. Ng8 Nd6 54. e7+ Kd7 55. Nf6+ Ke6 56. Ne8 1-0

[Event "Open Marianske Lazne 2018 - A + B"]
[Site "?"]
[Date "2018.01.25"]
[Round "7"]
[White "Liu, Yi"]
[Black "Kulkarni, Bhakti"]
[Result "1-0"]
[WhiteElo "2337"]
[BlackElo "2306"]
[PlyCount "153"]
[EventDate "2018.??.??"]

1. d4 d6 2. c4 e5 3. e3 Nd7 4. Nc3 Ngf6 5. Nf3 Be7 6. Be2 O-O 7. O-O c6 8. b4
Qc7 9. b5 Re8 10. a4 Nf8 11. a5 Ng6 12. Qc2 Bf8 13. h3 Bd7 14. a6 b6 15. bxc6
Bxc6 16. d5 Bd7 17. Nd2 Qc8 18. Kh2 Bf5 19. Bd3 Bxd3 20. Qxd3 Nd7 21. Ba3 Qxa6
22. Nb5 Qc8 23. Nxd6 Qb8 24. N2e4 Rd8 25. g3 Bxd6 26. Bxd6 Qc8 27. Ba3 Qc7 28.
Bd6 Qc8 29. Ba3 Ndf8 30. Rfd1 Qd7 31. c5 f5 32. Nd6 bxc5 33. Nxf5 Rac8 34. Qe4
Ne7 35. Nxe7+ Qxe7 36. Bb2 Re8 37. d6 Qf7 38. Qd5 Re6 39. Kg2 e4 40. d7 Rd8 41.
Rxa7 Re7 42. Ba3 Rdxd7 43. Qxf7+ Kxf7 44. Rdxd7 Nxd7 45. Rc7 Ke6 46. Bxc5 Nxc5
47. Rxc5 Rf7 48. h4 h6 49. Rc6+ Ke5 50. h5 Kd5 51. Rg6 Ke5 52. Rg4 Ra7 53. Rf4
Rb7 54. Kh3 Rc7 55. Kg4 Ra7 56. Rf5+ Ke6 57. Rf8 Ke5 58. Re8+ Kd5 59. Kh3 Rf7
60. Kg2 Ra7 61. Rf8 Ke6 62. g4 Rb7 63. Kg3 Re7 64. Kf4 Kd5 65. Rd8+ Kc6 66. Rd2
Kc7 67. Kf5 Kc6 68. Kg6 Kc5 69. Rd8 Kc4 70. Kh7 Kc3 71. Kg8 Kc2 72. Rd4 Kc3 73.
Kf8 Re5 74. Kf7 Kc2 75. Kxg7 Rg5+ 76. Kxh6 Rxg4 77. f4 1-0

[Event "Open Marianske Lazne 2018 - A + B"]
[Site "?"]
[Date "2018.01.25"]
[Round "7"]
[White "Popov, Mikhail"]
[Black "Plat, Vojtech"]
[Result "1/2-1/2"]
[WhiteElo "2416"]
[BlackElo "2569"]
[PlyCount "78"]
[EventDate "2018.??.??"]

1. c4 g6 2. g3 Bg7 3. Bg2 Nf6 4. Nc3 O-O 5. e4 e5 6. Nge2 d6 7. O-O Nc6 8. d3
Nd7 9. f4 f5 10. Be3 Nf6 11. h3 fxe4 12. dxe4 exf4 13. gxf4 Be6 14. b3 Qd7 15.
Kh2 Rae8 16. Qd2 Re7 17. Rae1 Nh5 18. Rf3 Ref7 19. Ref1 Qd8 20. Ng3 Qh4 21.
Nxh5 Qxh5 22. R3f2 Ne5 23. Kg1 Nd7 24. Rf3 Nc5 25. Rg3 Qh4 26. Kh2 Bc8 27. Nb5
a6 28. Nd4 Qe7 29. Qc2 Re8 30. Re1 Bd7 31. b4 Ba4 32. Qb1 Nxe4 33. Bc1 Nxg3 34.
Rxe7 Rfxe7 35. Kxg3 Bxd4 36. b5 a5 37. Bf3 c5 38. Bd2 b6 39. Qd3 Bd1 1/2-1/2